=LDR 00000nam 2200000 4500 =001 INLIS000000000029987 =005 20240704111622 =035 ##$$a 0010-061300000029987 =008 240704################g##########0#ind## =041 ##$$a Ind =082 ##$$a 410.07 =090 ##$$a 418 Sir b =100 ##$$a Siregar, Ras =245 1#$$a Bahasa Indonesia Jurnalistik /$c Ras Siregar =260 ##$$a Jakarta :$b Pustaka Grafika,$c 1987 =300 ##$$a 179 hlm : $b Sn ; $c 21 cm =650 #4$$a Bahasa Indonesia =850 ##$$a NBPNMAT =084 ##$$a 410.07 SIR b =990 ##$$a 8767/LTPS/90 =990 ##$$a 21400613/BPAP-NTB/20142014 =990 ##$$a 21400613/BPAP-NTB/20142014 =990 ##$$a 0001/BPAP-NTB/2016 =990 ##$$a 0001/BPAP-NTB/2016 =990 ##$$a 8767/LTPS/90 =990 ##$$a 21400613/BPAP-NTB/20142014 =990 ##$$a 21400613/BPAP-NTB/20142014 =990 ##$$a 21400613/BPAP-NTB/20142014 =990 ##$$a 8767/LTPS/90 =990 ##$$a 21400613/BPAP-NTB/20142014 =990 ##$$a 0001/BPAP-NTB/2016 =990 ##$$a 21400613/BPAP-NTB/20142014 =990 ##$$a 8767/LTPS/90 =990 ##$$a 21400613/BPAP-NTB/20142014 =990 ##$$a 0001/BPAP-NTB/2016 =990 ##$$a 8767/LTPS/90 =990 ##$$a 21400613/BPAP-NTB/20142014 =990 ##$$a 21400613/BPAP-NTB/20142014 =990 ##$$a 0001/BPAP-NTB/2016 =990 ##$$a 8767/LTPS/90 =990 ##$$a 21400613/BPAP-NTB/20142014 =990 ##$$a 21400613/BPAP-NTB/20142014 =990 ##$$a 0001/BPAP-NTB/2016 =990 ##$$a 0001/BPAP-NTB/2016 =990 ##$$a 8767/LTPS/90 =990 ##$$a 21400613/BPAP-NTB/20142014 =990 ##$$a 21400613/BPAP-NTB/20142014